Kleur de Vlag Puzzel #2 - Statistieken

Algemene statistieken
  • Deze quiz is 14.748 keer genomen
  • De gemiddelde score is 3 van 6
Antwoorden op de kaart
Antwoorden kleurgecodeerd door een groen-rode schaal op de quizkaart volgens % correct hieronder.
 
Antwoordstatistieken
Antwoord % Correct
Rood
53%
Wit
49%
Blauw
48%
Groen
46%
Oranje
38%
Licht blauw
25%
Geen overeenkomende quizzen gevonden
Scoreverdeling
Procent van Mensen met Elke Score
Percentiel versus Aantal Correcte Antwoorden
Uw Scoregeschiedenis
U heeft deze quiz nog niet genomen